000 02548nam a2200241Ia 4500
003 Ost
005 20260507075456.0
008 260507s9999||||xx |||||||||||||| ||und||
040 _cfsecg
041 _aara
082 _a515
100 _aصبره، رمضان محمد
_eمؤلف
245 0 _aالتحليل المركب /
_c رمضان محمد صبره
260 _aعمان:
_bدار المناهج,
_c2007
300 _a197 صفحة؛
_bإيضاحات ؛
_c24 سم
504 _aبيبليوغرافيا ص.197
520 _aيتضمن هذا الكتاب الفصول التالية : المقدمة-الوحدة الأولى : الأعداد المركبة : المتباينة المثلثة : تمثل الأعداد المركبة : صيغة أويلر : التمثل القطبي : صيغة ديموفار : جذور الأعداد المركبة-الوحدة الثانية : الدوال المركبة : النهايات : تمارين : الإتصال : المشتقات : قواعد الإستقاق : صيغ كوشي : نظرية الشرط الضروري : نظرية الشرط الكافي : شروط كوشي ريمان في حالة الإحداثيات القطبية : نظرية الشرط الكافي للحالة القطبية : الدوال التحليلة : تمارين-الوحدة الثالثة : الدوال الأساسية : الدالة : تمارين : الدوال المثلثة : تمارين : الدوال الزائدية : الدالة اللوغريتمية : الدوال العكسية للدوال المثلثية والزائدة-الوحدة الرابعة : التكامل : المنحيات المستوية : التكامل المحدود للدالة : التكامل الخطي : نظريات في التكامل : نظرية غرين : نظرية كوشي كورسات : أصل المشتقة-الوحدة الخامسة : المتتابعات والمتسلسلات : المتتابعات : تمارين : المتسلسلات : تمارين : متسلسلات القوى : متسلسلات تايلور ومكلوراين : تمارين : متسلسلات لورانت : نظرية لورانت : النقاط المتفردة والأقطاب : أصفار الدالة : نظرية الباقي : تمارين : نظرية الباقي والتكاملات المعتلة : بعض الرموز الرياضية.
653 _aاعداد مركبة
653 _aتحليل الرياضي
653 _aتكامل
653 _aدوال مركبة
942 _cكتاب
999 _c44668
_d44668